Tiếng anh 11 nâng cao :
Saved in:
| Main Author: | |
|---|---|
| Format: | Book |
| Language: | Undetermined |
| Published: |
Hà Nội
Giáo dục
2009
|
| Subjects: | |
| Tags: |
Add Tag
No Tags, Be the first to tag this record!
|
| Institutions: | Trung tâm Học liệu Trường Đại học Cần Thơ |
|---|
| LEADER | 00649nam a2200205Ia 4500 | ||
|---|---|---|---|
| 001 | CTU_158779 | ||
| 008 | 210402s9999 xx 000 0 und d | ||
| 020 | |c 10300 | ||
| 082 | |a 428.00712 | ||
| 082 | |b T550 | ||
| 100 | |a Tứ Anh | ||
| 245 | 0 | |a Tiếng anh 11 nâng cao : | |
| 245 | 0 | |c Tứ Anh ( tổng chủ biên ) ... [ et al. ] | |
| 260 | |a Hà Nội | ||
| 260 | |b Giáo dục | ||
| 260 | |c 2009 | ||
| 650 | |a English language,Tiếng Anh | ||
| 650 | |x Teacher's book,Sách giáo viên | ||
| 904 | |i QHieu (Tuyến sửa số 428.0712 thành 428.00712) | ||
| 980 | |a Trung tâm Học liệu Trường Đại học Cần Thơ | ||